Urbanization and Development. (Record no. 348978)

000 -LEADER
fixed length control field 00443 a2200169 4500
020 ## - INTERNATIONAL STANDARD BOOK NUMBER
International Standard Book Number 9780199590148
022 ## - INTERNATIONAL STANDARD SERIAL NUMBER
International Standard Serial Number 9780199590148
082 ## - DEWEY DECIMAL CLASSIFICATION NUMBER
Classification number 361.6
090 ## - LOCALLY ASSIGNED LC-TYPE CALL NUMBER (OCLC); LOCAL CALL NUMBER (RLIN)
-- 6627
-- 6627
100 ## - MAIN ENTRY--PERSONAL NAME
Personal name Beall,Jo
245 ## - TITLE STATEMENT
Title Urbanization and Development.
Remainder of title Multidisciplinary Perspectives.
Statement of responsibility, etc. Jo Beall.
250 ## - EDITION STATEMENT
Edition statement 1st.
260 ## - PUBLICATION, DISTRIBUTION, ETC.
Place of publication, distribution, etc. New York
Name of publisher, distributor, etc. Oxford University Press
Date of publication, distribution, etc. 2010.
300 ## - PHYSICAL DESCRIPTION
Extent 327p.
500 ## - GENERAL NOTE
General note Hard cover
942 ## - ADDED ENTRY ELEMENTS (KOHA)
Institution code [OBSOLETE] nbs
Koha item type Book
Call number prefix 361.6 BEA
Holdings
Withdrawn status Lost status Damaged status Not for loan Permanent Location Current Location Date acquired Total Checkouts Full call number Barcode Date last seen Date last checked out Price effective from Koha item type
        Central Library (CL) Central Library (CL) 08/28/2013 1 361.6 BEA NBS8850 11/23/2017 08/22/2017 08/28/2013 Book
© 2023 Central Library, National University of Sciences and Technology. All Rights Reserved.